00613nam a2200169Ia 4500008004100000020001800041082001800059100002100077245006600098250001100164260005000175300001000225440003100235650006500266952009500331999001700426120622s9999 xx 000 0 und d a968-16-6621-6 a500 C569 v.25 aPiñero, Daniel aDe las bacterias al hombre : la evolución / Daniel Piñero a3a. ed aMéxico : SEP ; Fondo de Cultura Económica a117 p aLa ciencia para todos ; 25 a1. BIOLOGIA \ 2.EVOLUCIÓN - BIOLOGÍA \ 3. BACTERIASÌ 00104070a01b01d2008-12-09l0o500 C569 V.25p01 011608r2025-02-18t1w2012-06-24yLB c60608d60608